[Event "SRB-ch U18 Girls"]
[Site "Kragujevac"]
[Date "2019.05.03"]
[Round "8"]
[White "Nestorovic, Katarina"]
[Black "Simic, Anja"]
[Result "1-0"]
[WhiteElo "2050"]
[BlackElo "1763"]
[PlyCount "111"]
[EventDate "2019.04.29"]
[EventType "tourn"]
[EventRounds "10"]
[EventCountry "SRB"]
[SourceTitle "EXT 2022"]
[Source "ChessBase"]
[SourceDate "2021.10.06"]
[SourceVersion "1"]
[SourceVersionDate "2021.10.06"]
[SourceQuality "1"]

1. e4 c5 2. Nf3 d6 3. d4 cxd4 4. Nxd4 Nf6 5. Nc3 a6 6. Be2 e5 7. Nb3 Be7 8. Be3 Be6 9. Nd5 Bxd5 10. exd5 Nbd7 11. Qd2 0-0 12. 0-0 Qc7 13. c4 Ne4 14. Qc2 Nec5 15. Nxc5 Nxc5 16. b4 Nd7 17. Rac1 Rac8 18. Bd3 g6 19. f4 exf4 20. Bxf4 Bf6 21. c5 Be5 22. Bxe5 Nxe5 23. Kh1 Nxd3 24. Qxd3 Qd7 25. Rc2 Rfd8 26. Rd1 Rc7 27. h3 Rdc8 28. Rdc1 a5 29. cxd6 Rxc2 30. Rxc2 Rxc2 31. Qxc2 Qxd6 32. Qc8+ Kg7 33. Qxb7 axb4 34. Qc6 Qe5 35. d6 Qe1+ 36. Kh2 Qe5+ 37. g3 Qe2+ 38. Qg2 Qxg2+ 39. Kxg2 Kf6 40. Kf3 Ke6 41. Ke4 Kxd6 42. Kd4 f5 43. Kc4 g5 44. Kxb4 h5 45. Kc4 Ke5 46. Kd3 Kd5 47. Ke3 Ke5 48. h4 gxh4 49. gxh4 f4+ 50. Kf3 Kf5 51. a4 Ke5 52. a5 Kd5 53. Kxf4 Kc5 54. Kg5 Kb5 55. Kxh5 Kxa5 56. Kg6 1-0

[Event "SRB-ch U18 Girls"]
[Site "Kragujevac"]
[Date "2019.05.02"]
[Round "6"]
[White "Stankovic, Marija1"]
[Black "Simic, Anja"]
[Result "1/2-1/2"]
[WhiteElo "1723"]
[BlackElo "1763"]
[PlyCount "35"]
[EventDate "2019.04.29"]
[EventType "tourn"]
[EventRounds "10"]
[EventCountry "SRB"]
[SourceTitle "EXT 2022"]
[Source "ChessBase"]
[SourceDate "2021.10.06"]
[SourceVersion "1"]
[SourceVersionDate "2021.10.06"]
[SourceQuality "1"]

1. e4 c5 2. Nf3 d6 3. Bb5+ Nd7 4. Bxd7+ Bxd7 5. c4 Bc6 6. Nc3 Nf6 7. d3 g6 8. 0-0 Bg7 9. Re1 0-0 10. Rb1 a6 11. a4 Nd7 12. Nd5 e6 13. Nf4 b5 14. axb5 axb5 15. b3 Rb8 16. Be3 Qc7 17. Qc2 Rfc8 18. Rec1 1/2-1/2

[Event "Wch U18 Girls"]
[Site "Porto Carras"]
[Date "2018.10.30"]
[Round "11.31"]
[White "Simic, Anja"]
[Black "Hrescak, Ivana"]
[Result "1/2-1/2"]
[WhiteElo "1813"]
[BlackElo "2173"]
[PlyCount "102"]
[EventDate "2018.10.20"]
[EventType "swiss"]
[EventRounds "11"]
[EventCountry "GRE"]
[SourceTitle "CBM 187 Extra"]
[Source "ChessBase"]
[SourceDate "2018.11.04"]
[SourceVersion "1"]
[SourceVersionDate "2018.11.04"]
[SourceQuality "1"]

1. d4 Nf6 2. c4 g6 3. Nc3 Bg7 4. e4 d6 5. Nf3 0-0 6. Be2 Nbd7 7. 0-0 e5 8. d5 Nc5 9. Qc2 a5 10. Be3 Ng4 11. Bxc5 dxc5 12. Ne1 h5 13. Nd3 b6 14. a3 Qh4 15. Bxg4 hxg4 16. b4 axb4 17. axb4 Rxa1 18. Rxa1 cxb4 19. Nxb4 Bf6 20. Qd3 Kg7 21. Qg3 Qh6 22. Nc6 Re8 23. Ne2 Bd7 24. Rd1 Bxc6 25. dxc6 Re6 26. Qxg4 Rxc6 27. Ng3 Qg5 28. Qe2 Be7 29. Nf1 Bc5 30. g3 Rf6 31. Ne3 Bxe3 32. Qxe3 Qxe3 33. fxe3 Rc6 34. Rc1 Rc5 35. Kf1 b5 36. Ke2 bxc4 37. Kd2 Kf6 38. Kc3 Rc6 39. Rf1+ Ke6 40. g4 g5 41. h3 f6 42. Rd1 Rd6 43. Re1 Ra6 44. Kxc4 Ra2 45. Rf1 Ra4+ 46. Kd3 Ra3+ 47. Kd2 c5 48. Rf3 Ke7 49. Kc2 Ke6 50. Kd2 Rb3 51. Kc2 Ra3 1/2-1/2

[Event "Wch U18 Girls"]
[Site "Porto Carras"]
[Date "2018.10.21"]
[Round "3"]
[White "Nistor, Valentina"]
[Black "Simic, Anja"]
[Result "1-0"]
[WhiteElo "1881"]
[BlackElo "1813"]
[PlyCount "129"]
[EventDate "2018.10.20"]
[EventType "swiss"]
[EventRounds "11"]
[EventCountry "GRE"]
[SourceTitle "CBM 187 Extra"]
[Source "ChessBase"]
[SourceDate "2018.11.04"]
[SourceVersion "1"]
[SourceVersionDate "2018.11.04"]
[SourceQuality "1"]

1. e4 c5 2. Nf3 d6 3. d4 cxd4 4. Qxd4 a6 5. c4 Nc6 6. Qd2 Nf6 7. Nc3 g6 8. b3 Bg7 9. Bb2 0-0 10. h3 Qa5 11. Rb1 Bd7 12. Bd3 Rab8 13. a3 Rfc8 14. 0-0 Qd8 15. Rfe1 e6 16. Rbd1 Bf8 17. Bf1 Qe7 18. Qe3 Rd8 19. Rd2 Be8 20. Red1 Rbc8 21. Na4 Rc7 22. Nb6 Bg7 23. b4 Bf8 24. Bc3 Nd7 25. Na4 Nf6 26. b5 Nb8 27. Ba5 axb5 28. cxb5 d5 29. Bxc7 Qxc7 30. exd5 Nxd5 31. Qb3 Qe7 32. Bc4 Qxa3 33. Qxa3 Bxa3 34. Bxd5 exd5 35. Rxd5 Rxd5 36. Rxd5 Nd7 37. Ne5 Nxe5 38. Rxe5 Kf8 39. Nb6 f6 40. Rd5 Ke7 41. Rd3 Bc5 42. Nd5+ Kf7 43. Nc7 Ke7 44. Nxe8 Kxe8 45. Kf1 Ke7 46. Ke2 b6 47. f3 h5 48. h4 Ke6 49. g4 hxg4 50. fxg4 Ke7 51. Kf3 Ke6 52. Rd8 Ke7 53. Rd5 Ke6 54. Ke4 Bf2 55. h5 gxh5 56. gxh5 Kf7 57. Kf5 Kg7 58. Rd7+ Kh6 59. Kxf6 Kxh5 60. Rf7 Kg4 61. Ke6 Bc5 62. Kd5 Kg5 63. Kc6 Kg6 64. Rb7 Kf6 65. Rxb6 1-0

[Event "Wch U18 Girls"]
[Site "Porto Carras"]
[Date "2018.10.20"]
[Round "1"]
[White "Egyed, Judit"]
[Black "Simic, Anja"]
[Result "1-0"]
[WhiteElo "2089"]
[BlackElo "1813"]
[PlyCount "73"]
[EventDate "2018.10.20"]
[EventType "swiss"]
[EventRounds "11"]
[EventCountry "GRE"]
[SourceTitle "CBM 187 Extra"]
[Source "ChessBase"]
[SourceDate "2018.11.04"]
[SourceVersion "1"]
[SourceVersionDate "2018.11.04"]
[SourceQuality "1"]

1. e4 c5 2. Nf3 d6 3. d4 cxd4 4. Nxd4 Nf6 5. Nc3 a6 6. Be3 e5 7. Nb3 Be6 8. f3 Be7 9. Qd2 0-0 10. 0-0-0 Nbd7 11. g4 b5 12. g5 b4 13. Ne2 Ne8 14. f4 a5 15. f5 a4 16. fxe6 axb3 17. exf7+ Rxf7 18. Kb1 bxc2+ 19. Qxc2 Bxg5 20. Bxg5 Qxg5 21. Ng3 Rf4 22. Nf5 Kh8 23. h4 Qf6 24. Bb5 Qf7 25. Bc4 Qf8 26. Bd5 Rb8 27. Rhf1 Rxf1 28. Rxf1 Nef6 29. Ne3 Nc5 30. Qg2 Qe7 31. Nf5 Qf8 32. h5 Nxh5 33. Rh1 g6 34. Qg5 gxf5 35. Qxh5 h6 36. Qg6 Qg7 37. Rxh6+ 1-0

[Event "Paracin Summer op-B 11th"]
[Site "Paracin"]
[Date "2018.07.07"]
[Round "3"]
[White "Simic, Anja"]
[Black "Janjic, Jovo"]
[Result "1/2-1/2"]
[WhiteElo "1842"]
[BlackElo "1974"]
[PlyCount "87"]
[EventDate "2018.07.06"]
[EventType "swiss"]
[EventRounds "9"]
[EventCountry "SRB"]
[SourceTitle "EXT 2019"]
[Source "ChessBase"]
[SourceDate "2018.10.10"]
[SourceVersion "1"]
[SourceVersionDate "2018.10.10"]
[SourceQuality "1"]

1. d4 d5 2. c4 e6 3. Nc3 Nf6 4. cxd5 exd5 5. Bg5 Be7 6. e3 0-0 7. Bd3 h6 8. Bh4 Be6 9. Nf3 Nbd7 10. 0-0 c5 11. h3 c4 12. Bc2 a6 13. a4 Rc8 14. Bg3 Nb8 15. Ne5 Nfd7 16. e4 Nxe5 17. Bxe5 Nc6 18. exd5 Bxd5 19. Bf5 Be6 20. Bxe6 fxe6 21. Qg4 Nxe5 22. dxe5 Rf5 23. Rad1 Qe8 24. Qe4 b5 25. axb5 axb5 26. Nd5 Bc5 27. Ne3 Bxe3 28. Qxe3 Rd8 29. Qb6 Rxd1 30. Rxd1 Qf7 31. Qxb5 Rxf2 32. Qxc4 Rxb2 33. Rd8+ Kh7 34. Qd3+ Qf5 35. Qxf5+ exf5 36. Kf1 Rb4 37. Kf2 Re4 38. Re8 Kg6 39. Re7 Ra4 40. Kf3 h5 41. g3 Rb4 42. Rc7 Rb3+ 43. Kf4 Rb4+ 44. Kf3 1/2-1/2

[Event "SRB-ch U18 Girls"]
[Site "Novi Sad"]
[Date "2018.04.05"]
[Round "4"]
[White "Bojicic, Andjela"]
[Black "Simic, Anja"]
[Result "1/2-1/2"]
[WhiteElo "2071"]
[BlackElo "1770"]
[PlyCount "54"]
[EventDate "2018.04.02"]
[EventType "tourn"]
[EventRounds "5"]
[EventCountry "SRB"]
[SourceTitle "EXT 2019"]
[Source "ChessBase"]
[SourceDate "2018.10.10"]
[SourceVersion "1"]
[SourceVersionDate "2018.10.10"]
[SourceQuality "1"]

1. d4 Nf6 2. c4 e6 3. Nf3 b6 4. a3 Ba6 5. e3 d5 6. b3 Bd6 7. Bd3 0-0 8. Nc3 Bb7 9. 0-0 Nbd7 10. Nb5 Be7 11. Qe2 c6 12. Nc3 c5 13. Bb2 Ne4 14. Bxe4 dxe4 15. Ne5 Nb8 16. dxc5 bxc5 17. Rfd1 Qb6 18. Nd7 Nxd7 19. Rxd7 Bf6 20. Na4 Qc6 21. Rad1 Rad8 22. Qd2 Rxd7 23. Qxd7 Qxd7 24. Rxd7 Bc6 25. Rxa7 Bxa4 26. Bxf6 Bxb3 27. Be7 Rc8 1/2-1/2

[Event "EU-ch U16 Girls 27th"]
[Site "Mamaia"]
[Date "2017.09.09"]
[Round "5"]
[White "Simic, Anja"]
[Black "Bucur, Denisa Andreea"]
[Result "1/2-1/2"]
[WhiteElo "1676"]
[BlackElo "1916"]
[PlyCount "89"]
[EventDate "2017.09.05"]
[EventType "swiss"]
[EventRounds "9"]
[EventCountry "ROU"]
[SourceTitle "EXT 2018"]
[Source "ChessBase"]
[SourceDate "2017.10.13"]
[SourceVersion "1"]
[SourceVersionDate "2017.10.13"]
[SourceQuality "1"]

1. d4 Nf6 2. c4 e6 3. Nc3 Bb4 4. Qc2 c5 5. dxc5 0-0 6. Nf3 Na6 7. Bg5 Qa5 8. Bd2 Qxc5 9. e3 d5 10. a3 Bxc3 11. Bxc3 Ne4 12. Rc1 b6 13. Qa4 Qd6 14. Be5 Qd8 15. b4 f6 16. Bb2 Nc7 17. Qc2 Nd6 18. cxd5 Nxd5 19. Bd3 f5 20. 0-0 Bb7 21. Qb3 Qe7 22. Ne5 Qg5 23. Nf3 Qg6 24. Ne5 Qg5 25. Nf3 Qh6 26. Be5 Nf7 27. Qb2 Ng5 28. Nxg5 Qxg5 29. e4 Nf4 30. Bxf4 Qxf4 31. exf5 Rf6 32. Rc4 Qg5 33. Be4 Bxe4 34. Rxe4 exf5 35. Qb3+ Kh8 36. Qd5 Raf8 37. Re6 h6 38. g3 Rxe6 39. Qxe6 f4 40. Re1 f3 41. Qe7 Qxe7 42. Rxe7 Rd8 43. Kf1 Rd1+ 44. Re1 Rd3 45. Re3 1/2-1/2

[Event "EU-ch U16 Girls 27th"]
[Site "Mamaia"]
[Date "2017.09.08"]
[Round "4"]
[White "Kucharska, Honorata"]
[Black "Simic, Anja"]
[Result "1/2-1/2"]
[WhiteElo "1805"]
[BlackElo "1659"]
[PlyCount "86"]
[EventDate "2017.09.05"]
[EventType "swiss"]
[EventRounds "9"]
[EventCountry "ROU"]
[SourceTitle "CBM 180 Extra"]
[Source "ChessBase"]
[SourceDate "2017.10.06"]
[SourceVersion "1"]
[SourceVersionDate "2017.10.06"]
[SourceQuality "1"]

1. d4 Nf6 2. Nf3 e6 3. e3 c5 4. Bd3 Nc6 5. b3 d5 6. Bb2 Bd6 7. a3 cxd4 8. exd4 0-0 9. 0-0 b6 10. Nbd2 a5 11. Ne5 Qc7 12. f4 Ba6 13. Bxa6 Rxa6 14. Qe2 Raa8 15. Rac1 Ne7 16. c4 Qa7 17. Kh1 Rac8 18. Qf3 Rfe8 19. Rfe1 Bb8 20. b4 Qb7 21. b5 Red8 22. a4 Bd6 23. Ng4 Nxg4 24. Qxg4 Bb4 25. Red1 Bxd2 26. Rxd2 dxc4 27. d5 Ng6 28. f5 exf5 29. Qxf5 Qd7 30. Qf3 Rc5 31. d6 Rdc8 32. Bc3 Rf5 33. Qe3 Rfc5 34. Re1 Rf8 35. Qd4 f6 36. Re7 Qf5 37. d7 Rd8 38. h3 Rc7 39. Qxb6 Rcxd7 40. Rdxd7 Rxd7 41. Rxd7 Qxd7 42. Qxa5 Qd1+ 43. Kh2 Qd6+ 1/2-1/2

[Event "Veliko Gradiste Silver Lake op-B"]
[Site "Veliko Gradiste"]
[Date "2017.06.18"]
[Round "1"]
[White "Simic, Petar S"]
[Black "Simic, Anja"]
[Result "1-0"]
[WhiteElo "2069"]
[BlackElo "1666"]
[PlyCount "75"]
[EventDate "2017.06.18"]
[EventType "swiss"]
[EventRounds "9"]
[EventCountry "SRB"]
[SourceTitle "CBM 179 Extra"]
[Source "ChessBase"]
[SourceDate "2017.08.23"]
[SourceVersion "1"]
[SourceVersionDate "2017.08.23"]
[SourceQuality "1"]

1. Nf3 c5 2. g3 g6 3. Bg2 Bg7 4. 0-0 Nc6 5. d3 e5 6. c4 Nge7 7. Nc3 0-0 8. a3 d6 9. Rb1 a5 10. Bg5 f6 11. Bd2 f5 12. Nd5 Nxd5 13. cxd5 Ne7 14. b4 b6 15. Ne1 f4 16. bxc5 bxc5 17. Qb3 a4 18. Qb6 Qd7 19. Ba5 Nf5 20. Bc3 g5 21. Nf3 Bf6 22. Nd2 h5 23. Ne4 Ra6 24. Qb2 Bd8 25. Qa1 Qf7 26. gxf4 gxf4 27. Bh3 Qxd5 28. Rb8 Ra8 29. Rxa8 Qxa8 30. Bxf5 Rxf5 31. f3 Qc6 32. Kh1 Kh7 33. Rg1 Qd7 34. Qa2 Rf8 35. Qd5 Be7 36. Nxc5 dxc5 37. Qxe5 Bf6 38. Qxh5# 1-0

[Event "SRB-ch U16 Girls"]
[Site "Kragujevac"]
[Date "2017.04.14"]
[Round "5"]
[White "Gajcin, Marina"]
[Black "Simic, Anja"]
[Result "1-0"]
[WhiteElo "2203"]
[BlackElo "1672"]
[PlyCount "111"]
[EventDate "2017.04.11"]
[EventType "tourn"]
[EventRounds "9"]
[EventCountry "SRB"]
[SourceTitle "EXT 2019"]
[Source "ChessBase"]
[SourceDate "2018.10.10"]
[SourceVersion "1"]
[SourceVersionDate "2018.10.10"]
[SourceQuality "1"]

1. e4 c5 2. Nf3 d6 3. Bb5+ Bd7 4. c4 a6 5. Bxd7+ Qxd7 6. 0-0 Nf6 7. Nc3 g6 8. d4 cxd4 9. Nxd4 Bg7 10. b3 0-0 11. Bb2 Nc6 12. Nxc6 Qxc6 13. Nd5 Nxd5 14. exd5 Qd7 15. Bxg7 Kxg7 16. Re1 b5 17. Rc1 Rac8 18. Re3 bxc4 19. bxc4 Rc5 20. Qe2 Re8 21. h4 h5 22. Re4 e5 23. dxe6 Rxe6 24. Qb2+ Kh7 25. Rxe6 Qxe6 26. Qd4 Qe5 27. Qxe5 Rxe5 28. Rd1 Ra5 29. Rd2 Kg7 30. Kf1 Kf8 31. Ke2 Ke7 32. Ke3 Ke6 33. Ke4 Ra4 34. Kd3 Ra5 35. Re2+ Re5 36. Rb2 Ra5 37. Kc3 Rc5 38. Kd4 Ra5 39. g3 Ra4 40. Re2+ Kd7 41. Kc3 Ra5 42. Kb3 Rc5 43. Kb4 a5+ 44. Kb3 d5 45. Rd2 Kc6 46. Rxd5 a4+ 47. Kb4 Rxd5 48. cxd5+ Kxd5 49. Kxa4 Kc4 50. Ka5 Kc5 51. a4 f6 52. f4 f5 53. Ka6 Kc6 54. a5 Kc7 55. Kb5 Kb7 56. Kc5 1-0

[Event "Nis op-B"]
[Site "Nis"]
[Date "2015.04.22"]
[Round "4"]
[White "Simic, Anja"]
[Black "Djordjevic, Lazar"]
[Result "0-1"]
[WhiteElo "1708"]
[BlackElo "1785"]
[PlyCount "78"]
[EventDate "2015.04.20"]
[EventType "swiss"]
[EventRounds "9"]
[EventCountry "SRB"]
[SourceTitle "CBM 166 Extra"]
[Source "ChessBase"]
[SourceDate "2015.06.18"]
[SourceVersion "1"]
[SourceVersionDate "2015.06.18"]
[SourceQuality "1"]

1. d4 Nf6 2. c4 g6 3. Nc3 d5 4. cxd5 Nxd5 5. Bd2 Bg7 6. Nf3 0-0 7. e3 Bf5 8. Qb3 Nb6 9. Be2 Nc6 10. 0-0 Na5 11. Qb5 Nc6 12. Qb3 Be6 13. Qd1 Nc4 14. b3 Nxd2 15. Qxd2 Bf5 16. Rac1 Qd7 17. Na4 Rfd8 18. Bb5 Be4 19. Nc5 Qf5 20. Nxe4 Qxb5 21. Rc5 Qb6 22. Rfc1 Rd7 23. Qe2 a6 24. Qc4 e6 25. Ned2 Bf8 26. Rg5 Rad8 27. Rg3 Bg7 28. Rh3 h5 29. Qe2 Qa5 30. Nc4 Qb5 31. Qe1 e5 32. dxe5 Nxe5 33. Nfxe5 Bxe5 34. Rh4 Bg7 35. Re4 Qd5 36. f3 Qg5 37. Qe2 b5 38. Na3 Rd2 39. Qf1 Bb2 0-1

[Event "Nis op-B"]
[Site "Nis"]
[Date "2015.04.21"]
[Round "3"]
[White "Vujcic, Milena"]
[Black "Simic, Anja"]
[Result "1-0"]
[WhiteElo "1741"]
[BlackElo "1708"]
[PlyCount "63"]
[EventDate "2015.04.20"]
[EventType "swiss"]
[EventRounds "9"]
[EventCountry "SRB"]
[SourceTitle "CBM 166 Extra"]
[Source "ChessBase"]
[SourceDate "2015.06.18"]
[SourceVersion "1"]
[SourceVersionDate "2015.06.18"]
[SourceQuality "1"]

1. e4 c5 2. Nf3 d6 3. d4 cxd4 4. Nxd4 Nf6 5. Nc3 a6 6. f4 e6 7. Qf3 Qc7 8. g4 b5 9. g5 Nfd7 10. Bd3 Bb7 11. f5 e5 12. Nde2 b4 13. Nd5 Bxd5 14. exd5 Nc5 15. Bd2 Nxd3+ 16. Qxd3 a5 17. a3 bxa3 18. Rxa3 Nd7 19. Kd1 Be7 20. Ng3 f6 21. gxf6 Bxf6 22. Ne4 Ke7 23. Rc3 Qb7 24. Rc6 Qxb2 25. Rxd6 Nc5 26. Re6+ Nxe6 27. d6+ Kd7 28. fxe6+ Kxe6 29. Nc5+ Kf7 30. Qd5+ Kg6 31. Rg1+ Kf5 32. Qe6# 1-0

[Event "Nis Pantelej op 2nd"]
[Site "Nis"]
[Date "2014.08.03"]
[Round "1"]
[White "Simic, Anja"]
[Black "Kraguljac, Pero"]
[Result "0-1"]
[WhiteElo "1638"]
[BlackElo "2116"]
[PlyCount "66"]
[EventDate "2014.08.03"]
[EventType "swiss"]
[EventRounds "9"]
[EventCountry "SRB"]
[SourceTitle "CBM 162 Extra"]
[Source "ChessBase"]
[SourceDate "2014.10.17"]
[SourceVersion "1"]
[SourceVersionDate "2014.10.17"]
[SourceQuality "1"]

1. d4 Nf6 2. c4 g6 3. Nc3 Bg7 4. e4 0-0 5. Nf3 d6 6. Be2 e5 7. 0-0 Nc6 8. d5 Ne7 9. b4 Nh5 10. Nd2 Nf4 11. Nb3 Nxe2+ 12. Qxe2 f5 13. f3 f4 14. c5 g5 15. Bb2 Ng6 16. Na5 Rf7 17. c6 b6 18. Nb3 h5 19. a4 g4 20. Nd2 Qh4 21. a5 b5 22. Ba3 a6 23. Ra2 Bh6 24. Rc1 Rg7 25. Raa1 Qg5 26. Rc2 Nh4 27. Raa2 gxf3 28. Nxf3 Nxf3+ 29. Qxf3 Bg4 30. Qf2 Rf8 31. Bc1 h4 32. g3 Qh5 33. gxf4 Be2+ 0-1

[Event "EU-ch U12 Girls 23rd"]
[Site "Budva"]
[Date "2013.10.08"]
[Round "9"]
[White "Vuller, Victoria"]
[Black "Simic, Anja"]
[Result "0-1"]
[WhiteElo "1397"]
[BlackElo "1671"]
[PlyCount "74"]
[EventDate "2013.09.29"]
[EventType "swiss"]
[EventRounds "9"]
[EventCountry "MNE"]
[SourceTitle "EXT 2014"]
[Source "ChessBase"]
[SourceDate "2013.11.20"]
[SourceVersion "1"]
[SourceVersionDate "2013.11.20"]
[SourceQuality "1"]

1. e4 e6 2. d4 d5 3. Nc3 Bb4 4. e5 c5 5. Bd2 cxd4 6. Nb5 Be7 7. Nxd4 Qb6 8. Nb3 Nc6 9. Nf3 Qc7 10. Bc3 Bb4 11. Bxb4 Nxb4 12. Qd2 Nxc2+ 13. Kd1 Nxa1 14. Nxa1 Ne7 15. h4 Bd7 16. Qg5 Rc8 17. Bd3 Nf5 18. g4 h6 19. Qf4 Ne7 20. Ke2 Qb6 21. Nb3 Bb5 22. Rd1 Bxd3+ 23. Rxd3 Rc2+ 24. Rd2 Rxd2+ 25. Nfxd2 Qa6+ 26. Ke1 Qxa2 27. Qd4 Qa6 28. f4 b6 29. f5 Nc6 30. Qc3 Kd7 31. Nd4 Nxd4 32. Qxd4 Rc8 33. Kd1 Qb5 34. g5 hxg5 35. fxe6+ fxe6 36. hxg5 Rf8 37. Ke1 Rf5 0-1

[Event "EU-ch U12 Girls 23rd"]
[Site "Budva"]
[Date "2013.10.06"]
[Round "7"]
[White "Simic, Anja"]
[Black "Pribylova, Sofie"]
[Result "0-1"]
[WhiteElo "1671"]
[BlackElo "1487"]
[PlyCount "94"]
[EventDate "2013.09.29"]
[EventType "swiss"]
[EventRounds "9"]
[EventCountry "MNE"]
[SourceTitle "EXT 2014"]
[Source "ChessBase"]
[SourceDate "2013.11.20"]
[SourceVersion "1"]
[SourceVersionDate "2013.11.20"]
[SourceQuality "1"]

1. d4 Nf6 2. c4 g6 3. Nc3 d5 4. Nf3 Bg7 5. Bf4 Nh5 6. Nxd5 c6 7. Bxb8 Rxb8 8. Nc3 0-0 9. e3 Qb6 10. Rb1 c5 11. Nd5 Qa5+ 12. b4 cxb4 13. Rxb4 Rd8 14. Qa4 Qxa4 15. Rxa4 e6 16. Ne7+ Kf8 17. Nxc8 Rbxc8 18. Rxa7 b6 19. Be2 Nf6 20. Nd2 Ra8 21. Rb7 Nd7 22. Bf3 Rxa2 23. Ke2 e5 24. d5 e4 25. Bg4 Ne5 26. h3 f5 27. Bxf5 gxf5 28. Rc1 Nd3 29. Rb1 Bc3 30. Rd1 Bxd2 31. Rxd2 Rxd2+ 32. Kxd2 Ne5 33. Rxh7 Nxc4+ 34. Kc3 b5 35. Rh8+ Ke7 36. Rh7+ Kf6 37. Rb7 Rxd5 38. Kb4 Nd6 39. Rb6 Ke7 40. Kc3 Rd3+ 41. Kc2 Nc4 42. Rb7+ Ke6 43. h4 Rd2+ 44. Kc3 Rxf2 45. Rxb5 Nxe3 46. Rb6+ Ke5 47. Rb5+ Kf4 0-1